书目信息 |
| 题名: |
日本帝国主义侵华档案资料选编
|
|
| 作者: | 佟冬 , 阎希文 , 施宣岑 主编 ;张志 本卷编 ;中央档案馆 , 中国第二历史档案馆 , 吉林省社会科学院 编 | |
| 分册: | 1 九一八事变 | |
| 出版信息: | 北京 中华书局 2020 |
|
| 页数: | 543页 | |
| 开本: | 23cm | |
| 丛书名: | ||
| 单 册: | ||
| 中图分类: | K264.063 | |
| 科图分类: | ||
| 主题词: | 侵华--qin hua--档案资料--日本--1931-1945--汇编 , 九·一八事变--jiu yi ba shi bian--档案资料--汇编 | |
| 电子资源: | ||
| ISBN: | 978-7-101-14472-7 | |
| 000 | 01761nam0 2200313 450 | |
| 001 | 011029202357 | |
| 005 | 20211031095336.12 | |
| 010 | @a978-7-101-14472-7@b精装@dCNY245.00(全20册4900.00) | |
| 100 | @a20200928d2020 em y0chiy50 ea | |
| 101 | 0 | @achi |
| 102 | @aCN@b110000 | |
| 105 | @aa z 000yy | |
| 106 | @ar | |
| 200 | 1 | @a日本帝国主义侵华档案资料选编@Ari ben di guo zhu yi qin hua dang an zi liao xuan bian@h1@i九一八事变@f佟冬,阎希文,施宣岑主编@g张志本卷编@g中央档案馆,中国第二历史档案馆,吉林省社会科学院合编 |
| 210 | @a北京@c中华书局@d2020 | |
| 215 | @a543页@c照片,图@d23cm | |
| 330 | @a本书是一部系统公布日本帝国主义侵华的档案资料集,通过对现存于中央档案馆、中国第二历史档案馆和其他有关部门的关于抗战时期日本帝国主义侵华的文件、协议、情报、电稿、信函,中日交涉的函件及战犯供词和审判档案等资料,完整再现了1931年至1945年日本侵华的血腥图景。本卷内容主要关于日本帝国主义发动“九一八”事件、武装占领东北各地和网罗汉奸拼凑伪满洲国傀儡政权的历史档案资料。其中包括日本帝国主义对华侵略政策、阴谋挑衅活动,和国联的有关活动。同时,还选编了与“九一八”事变有密切关系的天津事变、“一·二八”上海事变和“九一八”事变期间日本在中国关内各地进行挑衅活动的历史资料。 | |
| 606 | 0 | @a侵华@Aqin hua@x档案资料@y日本@z1931-1945@j汇编 |
| 606 | 0 | @a九·一八事变@Ajiu yi ba shi bian@x档案资料@j汇编 |
| 690 | @aK264.063@v5 | |
| 701 | 0 | @a佟冬@Atong dong@4主编 |
| 701 | 0 | @a阎希文@Ayan xi wen@4主编 |
| 701 | 0 | @a施宣岑@Ashi xuan cen@4主编 |
| 702 | 0 | @a张志@Azhang zhi@4本卷编 |
| 712 | 02 | @a中央档案馆@Azhong yang dang an guan@4编 |
| 712 | 02 | @a中国第二历史档案馆@Azhong guo di er li shi dang an guan@4编 |
| 712 | 02 | @a吉林省社会科学院@Aji lin sheng she hui ke xue yuan@4编 |
| 801 | 0 | @aCN@b百万庄@c20211029 |
| 905 | @b1312407-08@dK264.063@e81:1@f2 | |
| 日本帝国主义侵华档案资料选编.1.九一八事变/佟冬,阎希文,施宣岑主编/张志本卷编/中央档案馆,中国第二历史档案馆,吉林省社会科学院合编.-北京:中华书局,2020 |
| 543页:照片,图;23cm |
| ISBN 978-7-101-14472-7(精装):CNY245.00(全20册4900.00) |
| 本书是一部系统公布日本帝国主义侵华的档案资料集,通过对现存于中央档案馆、中国第二历史档案馆和其他有关部门的关于抗战时期日本帝国主义侵华的文件、协议、情报、电稿、信函,中日交涉的函件及战犯供词和审判档案等资料,完整再现了1931年至1945年日本侵华的血腥图景。本卷内容主要关于日本帝国主义发动“九一八”事件、武装占领东北各地和网罗汉奸拼凑伪满洲国傀儡政权的历史档案资料。其中包括日本帝国主义对华侵略政策、阴谋挑衅活动,和国联的有关活动。同时,还选编了与“九一八”事变有密切关系的天津事变、“一·二八”上海事变和“九一八”事变期间日本在中国关内各地进行挑衅活动的历史资料。 |
| ● |
| 相关链接 |
|
|
|
|
正题名:日本帝国主义侵华档案资料选编
索取号:K264.063/81:1
 
预约/预借
| 序号 | 登录号 | 条形码 | 馆藏地/架位号 | 状态 | 备注 |
| 1 | 1312407 | 213124073 | 第二样本阅览室/ [索取号:K264.063/81:1] | 在馆 | |
| 2 | 1312408 | 213124082 | 第二借阅区/ [索取号:K264.063/81:1] | 在馆 |